America in the Gilded Age : from the death of Lincoln to the rise of Theodore Roosevelt /

Bibliographic Details
Main Author: Cashman, Sean Dennis
Format: Book
Language:English
Published: New York : New York University Press, 1984.
Subjects:

MARC

Tag First Indicator Second Indicator Subfields
LEADER 00000pam a2200000 a 4500
001 in00000071114
005 20151008062049.0
008 830712s1984 nyua b s00110 eng
010 |a  83014610  
020 |a 0814713866 (alk. paper) :  |c $27.50 
020 |a 0814713874 (pbk.) :  |c $11.50 
035 |a (OCoLC)09762495 
035 |9 AAJ9438AM 
039 0 |a 2  |b 3  |c 3  |d 3  |e 3 
040 |a DLC  |c DLC  |d TXA  |d UtOrBLW 
043 |a n-us--- 
049 |a TXAM  |c [1443763] 
050 0 0 |a E661  |b .C38 1984 
082 0 |a 973.8  |2 19 
100 1 |a Cashman, Sean Dennis. 
245 1 0 |a America in the Gilded Age :  |b from the death of Lincoln to the rise of Theodore Roosevelt /  |c Sean Dennis Cashman. 
264 1 |a New York :  |b New York University Press,  |c 1984. 
300 |a xiv, 370 pages :  |b illustrations ;  |c 24 cm. 
336 |a text  |b txt  |2 rdacontent 
337 |a unmediated  |b n  |2 rdamedia 
338 |a volume  |b nc  |2 rdacarrier 
500 |a Includes index. 
504 |a Bibliography: pages [345]-357. 
651 0 |a United States  |x History  |y 1865-1898. 
999 |a MARS 
999 f f |s 28b8397a-2adf-38f0-be93-ebaebee5035b  |i dde5c5f1-251a-317e-8221-4d08afe9724c  |t 0 
952 f f |p ric  |a Texas A&M University  |b Rellis Campus  |c Joint Library Facility  |d Remote Storage  |t 0  |e E661 .C38 1984  |h Library of Congress classification  |i unmediated -- volume  |m A14808035307 
998 f f |a E661 .C38 1984  |t 0  |l Remote Storage